000 01168nam a22003377a 4500
003 CHAP
005 20220329135125.0
008 971013s1952 r 00010 d
010 _a31292
011 _a32264
035 _a36377
040 _cCHAP
082 _a547.8
_bM37
100 0 0 _aMartell, Arthur Earl.
_971628
245 _aChemistry of the metal chelate compounds
260 _aEnglewood :
_bPrentice-Hall,
_c1952
300 _a613 p
590 _aBATCH-UPD
_b10
_c20130110
_lUCH01
_h0233
590 _aBATCH-UPD
_b10
_c20130110
_lUCH01
_h1222
590 _aBATCH-UPD
_b10
_c20130410
_lUCH01
_h1446
590 _aBATCH-UPD
_b10
_c20130914
_lUCH01
_h0819
590 _aCONVERSION
_b10
_c20130109
_lUCH01
_h1318
650 1 4 _aOrganometálicos (Compuestos)
_983565
700 0 _aCalvin, Melvin.
_917612
901 _aBK
942 _cLIBRO
949 _a547.8 M37
_bBC
_cLIBRO
_d33724000445664
_eLIBRO
_fc.2
_i36377
_si
_t125.00
949 _a547.8 M37
_bBC
_cLIBRO
_d33724000446415
_eLIBRO
_i36377
_si
_t125.00
949 _a547.8 M37
_bBC
_cLIBRO
_d33724000446423
_eLIBRO
_fc.3
_i36377
_si
_t125.00
949 _a547.8 M37
_bBC
_cLIBRO
_d33724000446431
_eLIBRO
_fc.4
_i36377
_si
_t125.00
999 _c31292
_d31292